| 000 | 00581ntaaa2200205 4500 | ||
|---|---|---|---|
| 003 | 01 | ||
| 005 | 20251027203307.0 | ||
| 008 | 0714s1973 ag 01 | ||
| 020 | _a0800601238 | ||
| 040 |
_aAR-BaBN _bspa _cAR-BaBN _eaacr _dRIC |
||
| 082 | _a252.04 T34 | ||
| 100 |
_aThielicke, Helmut _95176 |
||
| 245 |
_aHow to believe again / _cHelmut Thielicke, traducido por George Anderson |
||
| 260 |
_aPhiladelphia : _bFortress Press, _c1972 |
||
| 300 |
_a220 p. ; _c22 cm. |
||
| 650 | _aTEOLOGIA | ||
| 650 |
_aSERMONES _9362 |
||
| 700 |
_aAnderson, George _etraductor _936018 |
||
| 942 | _cBK | ||
| 999 |
_c28436 _d28436 |
||